000 00450nam a2200193Ia 4500
008 170918s9999 xx 000 0 und d
020 _a9780439297875
050 _bL665 2000
100 _aLevine, Gail Carson
245 4 _aThe wish /
245 _cGail Carson Levine.
260 _aNew York :
260 _bScholastic,
260 _c2000
300 _a197 pages :
300 _bcolored illustration ;
300 _c19cm.
500 _a490
999 _c341460
_d341460